LEGO Ninjago: The Serpentine - Statistics

General Stats
  • This quiz has been taken 237 times
  • The average score is 9 of 23
Answer Stats
Role Character % Correct
Anacondrai General Pythor
87%
Hypnobrai General Skales
84%
Fangpyre General Fangtom
63%
Venomari General Acidicus
62%
Constrictai General Skalidor
54%
Fangpyre #1 Fangdam
47%
Hypnobrai #3 Slithraa
45%
Anacondrai #1 Arcturus
44%
Venomari #3 Lasha
43%
Venomari #2 Spitta
43%
Fangpyre #2 Fang-Suei
42%
Hypnobrai #4 Mezmo
42%
Hypnobrai #5 Rattla
38%
Constrictai #1 Bytar
36%
Constrictai #2 Chokun
35%
Hypnobrai #2 Skales Jr.
34%
Fangpyre #3 Snappa
34%
Venomari #1 Lizaru
31%
Constrictai #3 Snike
30%
Hypnobrai #1 Selma
25%
Venomari #4 Zoltar
11%
Anacondrai #2 Generals
3%
Anacondrai #3 Warriors
3%
No matching quizzes found
Score Distribution
Percent of People with Each Score
Percentile by Number Answered
Your Score History
You have not taken this quiz